[Event "Maikop University"]
[Site "Maikop"]
[Date "1998.06.06"]
[Round "6"]
[White "Nevostrujev Vladimir"]
[Black "Notkin Maksim"]
[Result "1-0"]
[WhiteElo "2410"]
[BlackElo "2505"]
[PlyCount "97"]
[EventDate "1998.06.01"]

1. e4 e5 2. Nf3 Nc6 3. Bb5 a6 4. Ba4 Nf6 5. O-O Be7 6. Re1 b5 7. Bb3 d6 8. c3
O-O 9. d4 Bg4 10. d5 Na5 11. Bc2 Qc8 12. h3 Bd7 13. Nbd2 c6 14. dxc6 Qxc6 15.
Nf1 Nc4 16. Ng3 Rfe8 17. Nh2 Rac8 18. Qf3 a5 19. a4 b4 20. cxb4 axb4 21. Bd3 d5
22. Ng4 Nxg4 23. exd5 Qf6 24. hxg4 Qxf3 25. gxf3 Na5 26. Bf5 Red8 27. Be3 Bxf5
28. Nxf5 Bf8 29. Bb6 Rxd5 30. Ne3 Rd6 31. Bxa5 Ra6 32. Bxb4 Bxb4 33. Red1 h6
34. Rd5 Rca8 35. b3 Bc3 36. Rc1 Bd4 37. Rb5 Bxe3 38. fxe3 Rd8 39. a5 Rd2 40. b4
Rb2 41. Rf1 Kh7 42. Rf2 Rb3 43. Ra2 e4 44. Kf2 exf3 45. Rb7 Re6 46. a6 Rexe3
47. a7 Re4 48. Rxf7 Re8 49. a8=Q 1-0

[Event "Maikop University"]
[Site "Maikop"]
[Date "1998.06.06"]
[Round "6"]
[White "Vorobiov Evgeny E"]
[Black "Gutov Andrey"]
[Result "1-0"]
[WhiteElo "2475"]
[BlackElo "2250"]
[PlyCount "41"]
[EventDate "1998.06.01"]

1. e4 c6 2. d4 d5 3. Nc3 dxe4 4. Nxe4 Nd7 5. Ng5 Ngf6 6. Bd3 e6 7. N1f3 Bd6 8.
Qe2 h6 9. Ne4 Nxe4 10. Qxe4 Qc7 11. Qg4 Kf8 12. O-O c5 13. Re1 b6 14. dxc5 Nxc5
15. Bd2 Nxd3 16. cxd3 Be7 17. Ne5 Bf6 18. Rac1 Qd8 19. Qf3 Ba6 20. Nd7+ Ke7 21.
Bb4+ 1-0

[Event "Maikop University"]
[Site "Maikop"]
[Date "1998.06.06"]
[Round "6"]
[White "Arkhipov Sergey"]
[Black "Vlassov Nikolai"]
[Result "1/2-1/2"]
[WhiteElo "2355"]
[BlackElo "2440"]
[PlyCount "109"]
[EventDate "1998.06.01"]

1. d4 Nf6 2. c4 Nc6 3. Nf3 e6 4. a3 g6 5. Nc3 Bg7 6. e4 d5 7. e5 Ne4 8. Bd3
Nxc3 9. bxc3 dxc4 10. Bxc4 Na5 11. Bd3 c5 12. h4 Qc7 13. Be3 Bd7 14. h5 Bc6 15.
O-O O-O-O 16. Qe2 gxh5 17. Rab1 f6 18. Bf4 Bxf3 19. Qxf3 fxe5 20. Bh2 Rhf8 21.
Qxh5 Qf7 22. Qe2 exd4 23. Rb5 Nc6 24. Be4 d3 25. Qe3 e5 26. Bxd3 Bh6 27. Qe2
Bf4 28. Bxf4 exf4 29. Be4 Rd6 30. Rxc5 Qc7 31. Qg4+ Kb8 32. Rb1 a6 33. Rh5 h6
34. Rf5 Rdf6 35. Rd5 Rd8 36. c4 Ka7 37. Kh2 Rxd5 38. cxd5 Ne5 39. Qd1 Qd6 40.
Qd4+ b6 41. a4 f3 42. g3 a5 43. Kg1 h5 44. Rxb6 Qxb6 45. Qxe5 h4 46. Qe7+ Kb8
47. Qe8+ Kc7 48. Qe7+ Kc8 49. g4 Qb4 50. Bf5+ Rxf5 51. Qe6+ Kd8 52. gxf5 Qg4+
53. Kf1 Qxa4 54. Qd6+ Qd7 55. Qf8+ 1/2-1/2

[Event "Maikop University"]
[Site "Maikop"]
[Date "1998.06.06"]
[Round "6"]
[White "Gagarin Vasilij"]
[Black "Ivakhin Maxim"]
[Result "0-1"]
[WhiteElo "2415"]
[BlackElo "2315"]
[PlyCount "166"]
[EventDate "1998.06.01"]

1. d4 d5 2. c4 e6 3. Nc3 Nf6 4. cxd5 exd5 5. Bg5 Be7 6. e3 Nbd7 7. Bd3 Nf8 8.
Qc2 Ne6 9. Bh4 g6 10. Nf3 O-O 11. O-O c6 12. Rab1 a5 13. a3 Ng7 14. b4 Nf5 15.
Bxf6 Bxf6 16. b5 Qd6 17. bxc6 bxc6 18. Na4 Ba6 19. Bxa6 Rxa6 20. Rfc1 Rb8 21.
Rxb8+ Qxb8 22. Nc5 Ra7 23. Rb1 Qc7 24. Qb3 Kg7 25. a4 Be7 26. Qb6 Bd8 27. Qxc7
Bxc7 28. g4 Ne7 29. Ne5 h5 30. h3 hxg4 31. hxg4 g5 32. Kg2 Bxe5 33. dxe5 Ng6
34. e6 Ne5 35. Kg3 Nc4 36. Rb8 fxe6 37. Nxe6+ Kf6 38. Nd4 c5 39. Nf5 Rd7 40.
Rf8+ Ke6 41. Rc8 Nd2 42. f3 Nb3 43. Rc6+ Ke5 44. Rg6 c4 45. Rxg5 Kf6 46. Rh5
Rc7 47. f4 Ke6 48. Rh6+ Kd7 49. Rh7+ Kc6 50. Rh2 Kc5 51. g5 Rc6 52. Kg4 c3 53.
Ng3 Kb4 54. f5 d4 55. exd4 Nxd4 56. f6 c2 57. f7 Ne6 58. Ne2 Rc5 59. Rh5 c1=Q
60. Nxc1 Rxc1 61. Kf5 Nf8 62. Rh4+ Kb3 63. Rf4 Rc6 64. Kg4 Rg6 65. Kh5 Ka3 66.
Kg4 Rg7 67. Rf6 Kxa4 68. Kf5 Kb5 69. g6 Nxg6 70. Rxg6 Rxf7+ 71. Ke4 Rd7 72. Rg8
a4 73. Rb8+ Kc4 74. Ra8 Re7+ 75. Kf3 Kb3 76. Rb8+ Ka2 77. Kf2 a3 78. Kf1 Re3
79. Kf2 Rb3 80. Re8 Ka1 81. Re1+ Rb1 82. Re8 a2 83. Ke2 Kb2 0-1

[Event "Maikop University"]
[Site "Maikop"]
[Date "1998.06.07"]
[Round "7"]
[White "Dmitriev Igor"]
[Black "Nevostrujev Vladimir"]
[Result "1-0"]
[WhiteElo "2405"]
[BlackElo "2410"]
[PlyCount "97"]
[EventDate "1998.06.01"]

1. Nf3 g6 2. d4 Nf6 3. c3 Bg7 4. Bg5 d5 5. Nbd2 Ne4 6. Nxe4 dxe4 7. Nd2 c5 8.
e3 cxd4 9. exd4 h6 10. Be3 O-O 11. Bc4 Kh7 12. h4 f5 13. g3 e5 14. dxe5 Nc6 15.
Qe2 Nxe5 16. O-O-O Qe7 17. Bg5 Qe8 18. Bf4 Nxc4 19. Nxc4 Qb5 20. Rd6 Rf6 21.
Re1 Be6 22. Ne5 Qa5 23. Nd7 Bxd7 24. Rxd7 Qxa2 25. Red1 Rb6 26. Qc2 Kg8 27. Rc7
Rc6 28. Rxb7 Qa1+ 29. Qb1 Qxb1+ 30. Kxb1 a5 31. Rdd7 Bf8 32. Rh7 Rb6 33. Rbd7
Re8 34. Ra7 Rbe6 35. Rhd7 R6e7 36. Rxe7 Rxe7 37. Rxa5 Kf7 38. Kc2 Rd7 39. b4
Ke6 40. Ra6+ Kf7 41. Be3 Rb7 42. Kb3 Rb8 43. Ra5 Ke6 44. b5 g5 45. hxg5 hxg5
46. c4 Be7 47. Ra7 Bf6 48. Ra6+ Ke5 49. Bc1 1-0

[Event "Maikop University"]
[Site "Maikop"]
[Date "1998.06.07"]
[Round "7"]
[White "Karavaev Vladimir"]
[Black "Arkhipov Sergey"]
[Result "1-0"]
[WhiteElo "2380"]
[BlackElo "2355"]
[PlyCount "111"]
[EventDate "1998.06.01"]

1. e4 c5 2. c3 Nf6 3. e5 Nd5 4. Nf3 Nc6 5. g3 d6 6. exd6 Qxd6 7. Bg2 Qe6+ 8.
Kf1 b6 9. d4 cxd4 10. Ng5 Qd7 11. Nxf7 Ba6+ 12. Kg1 Rg8 13. Ng5 e6 14. Nxe6
Qxe6 15. Qh5+ g6 16. Bxd5 gxh5 17. Bxe6 Rg6 18. Bf5 Rf6 19. Be4 Re6 20. Bd5 Rd6
21. c4 Rc8 22. Bf3 Bxc4 23. Bf4 Rf6 24. Bxh5+ Bf7 25. Bxf7+ Kxf7 26. Nd2 Nb4
27. Be5 Rfc6 28. a3 Nc2 29. Rd1 Rc5 30. Nf3 Rb5 31. Kg2 Rxb2 32. Bxd4 Nxd4 33.
Rxd4 Rcc2 34. Rf4+ Kg8 35. Nd4 Rc8 36. Rf3 Ra2 37. Ne6 Bxa3 38. Rd1 Re8 39. Ng5
h6 40. Nh3 Rf8 41. Rd7 a5 42. Re3 Bc5 43. Re6 Rf7 44. Rd8+ Kg7 45. Nf4 Bxf2 46.
Kh3 Bg1 47. Nh5+ Kh7 48. Rdd6 Rxh2+ 49. Kg4 Bc5 50. Rxh6+ Kg8 51. Rd8+ Rf8 52.
Rd7 Rxh5 53. Kxh5 Rf7 54. Rh8+ Kxh8 55. Rxf7 Kg8 56. Kg6 1-0

[Event "Maikop University"]
[Site "Maikop"]
[Date "1998.06.07"]
[Round "7"]
[White "Ivakhin Maxim"]
[Black "Lobach Pavel V"]
[Result "0-1"]
[WhiteElo "2315"]
[BlackElo "2395"]
[PlyCount "81"]
[EventDate "1998.06.01"]

1. e4 e6 2. d3 c5 3. g3 Nc6 4. Bg2 g6 5. Nf3 Bg7 6. O-O Nge7 7. Re1 O-O 8. Nbd2
d5 9. Qe2 e5 10. c3 Rb8 11. a4 d4 12. c4 f5 13. exf5 gxf5 14. Nb3 Qd6 15. Ng5
h6 16. Nh3 Nb4 17. f4 e4 18. dxe4 fxe4 19. Nf2 e3 20. Ne4 Qg6 21. Nexc5 Bg4 22.
Qf1 b6 23. Ne4 Nc2 24. c5 Nxa1 25. Nxa1 Bf5 26. cxb6 Bxe4 27. bxa7 Rbc8 28. b4
Bxg2 29. Qxg2 Qb6 30. b5 Qxa7 31. Qa2+ Kh8 32. a5 Rb8 33. Qa4 Rf5 34. Nc2 Rfxb5
35. a6 Nd5 36. f5 Nc3 37. Qc4 Rxf5 38. Nxe3 dxe3 39. Bxe3 Qf7 40. Qc6 Qd5 41.
a7 0-1

[Event "Maikop University"]
[Site "Maikop"]
[Date "1998.06.07"]
[Round "7"]
[White "Ulibin Mikhail"]
[Black "Yakovich Yuri"]
[Result "1/2-1/2"]
[WhiteElo "2575"]
[BlackElo "2570"]
[PlyCount "44"]
[EventDate "1998.06.01"]

1. e4 c5 2. Nf3 Nc6 3. Bb5 g6 4. Bxc6 bxc6 5. O-O Bg7 6. Re1 Nh6 7. c3 O-O 8.
d4 cxd4 9. cxd4 d5 10. e5 f6 11. exf6 exf6 12. h3 g5 13. b3 Bf5 14. Ba3 Re8 15.
Rxe8+ Qxe8 16. Nbd2 Nf7 17. Qf1 Nd8 18. Qa6 Qd7 19. Rc1 Rc8 20. Bc5 Rc7 21. Re1
Ne6 22. b4 h5 1/2-1/2

[Event "Maikop University"]
[Site "Maikop"]
[Date "1998.06.07"]
[Round "7"]
[White "Fominyh Alexander"]
[Black "Rashkovsky Nukhim N"]
[Result "1-0"]
[WhiteElo "2530"]
[BlackElo "2505"]
[PlyCount "101"]
[EventDate "1998.06.01"]

1. Nf3 Nf6 2. c4 g6 3. d4 Bg7 4. g3 O-O 5. Bg2 d6 6. Nc3 Nc6 7. O-O a6 8. Re1
Rb8 9. Rb1 b5 10. cxb5 axb5 11. b4 Bd7 12. e4 Bg4 13. h3 Bxf3 14. Bxf3 e5 15.
d5 Nd4 16. Bg2 Nd7 17. Be3 Nb6 18. Bxd4 exd4 19. Nxb5 Ra8 20. Qd2 Nc4 21. Qd3
Ne5 22. Qb3 d3 23. f4 c6 24. Na3 Qb6+ 25. Kh2 Qa7 26. fxe5 Qxa3 27. exd6 cxd5
28. Qxd5 Qxa2 29. Qxa2 Rxa2 30. Re3 d2 31. Rd3 Rc2 32. Rd1 Bh6 33. e5 Rb2 34.
Rd4 Rb8 35. d7 Rd8 36. Bc6 Kf8 37. b5 Ke7 38. Kg2 Ke6 39. Kf2 Rc2 40. h4 Rc3
41. Re4 Rc1 42. Ke2 Rxd1 43. Kxd1 Bg7 44. Kxd2 Bxe5 45. Kd3 h5 46. Kc4 f6 47.
Kc5 g5 48. b6 gxh4 49. gxh4 f5 50. Re2 f4 51. Bd5+ 1-0

[Event "Maikop University"]
[Site "Maikop"]
[Date "1998.06.07"]
[Round "7"]
[White "Vaulin Alexander"]
[Black "Makarov Marat"]
[Result "1/2-1/2"]
[WhiteElo "2535"]
[BlackElo "2540"]
[PlyCount "28"]
[EventDate "1998.06.01"]

1. d4 Nf6 2. Nf3 g6 3. c4 Bg7 4. g3 O-O 5. Bg2 c6 6. Nc3 d5 7. cxd5 cxd5 8. Ne5
e6 9. Bg5 Qb6 10. Qd2 Nfd7 11. Be3 Nc6 12. Nxc6 bxc6 13. O-O Ba6 14. Rac1 Rfc8
1/2-1/2

[Event "Maikop University"]
[Site "Maikop"]
[Date "1998.06.07"]
[Round "7"]
[White "Sherbakov Ruslan"]
[Black "Shariyazdanov Andrey"]
[Result "1/2-1/2"]
[WhiteElo "2555"]
[BlackElo "2495"]
[PlyCount "29"]
[EventDate "1998.06.01"]

1. d4 Nf6 2. c4 e6 3. Nc3 Bb4 4. e3 O-O 5. Bd3 d5 6. Nf3 b6 7. O-O Bb7 8. a3
Bd6 9. b3 Nbd7 10. Bb2 a6 11. Re1 Ne4 12. Qc2 f5 13. Ne2 Ndf6 14. h3 Nh5 15.
cxd5 1/2-1/2

[Event "Maikop University"]
[Site "Maikop"]
[Date "1998.06.07"]
[Round "7"]
[White "Totsky Leonid"]
[Black "Shovunov Baatr"]
[Result "1/2-1/2"]
[WhiteElo "2490"]
[BlackElo "2475"]
[PlyCount "90"]
[EventDate "1998.06.01"]

1. e4 c6 2. Nc3 d5 3. Qf3 dxe4 4. Nxe4 Nd7 5. d4 Ndf6 6. c3 Nxe4 7. Qxe4 Nf6 8.
Qc2 Qd5 9. Nf3 Bf5 10. Qb3 Qxb3 11. axb3 a6 12. b4 Rd8 13. Bf4 Nd5 14. Bg3 e6
15. Bc4 Be7 16. O-O g5 17. Rfe1 h5 18. h4 g4 19. Ne5 f6 20. Bxa6 fxe5 21. Bxe5
bxa6 22. Bxh8 Kd7 23. Be5 Ra8 24. g3 Bf8 25. Rad1 Bh6 26. Re2 Kc8 27. Bd6 Kd7
28. Bc5 Rb8 29. Rde1 Bg7 30. Rd2 Nb6 31. Bxb6 Rxb6 32. Rde2 Bh6 33. Ra1 Kc7 34.
Re5 Kb7 35. Rae1 Rb5 36. Rxb5+ axb5 37. Kf1 Bd2 38. Rd1 Bh6 39. Re1 Bd2 40. Rd1
Bh6 41. Re1 Bd3+ 42. Kg1 Bf5 43. Kf1 Bg7 44. Ke2 Kb8 45. Ra1 Bh6 1/2-1/2

[Event "Maikop University"]
[Site "Maikop"]
[Date "1998.06.07"]
[Round "7"]
[White "Kozak Alexander"]
[Black "Vokarev Sergey"]
[Result "0-1"]
[WhiteElo "2365"]
[BlackElo "2485"]
[PlyCount "90"]
[EventDate "1998.06.01"]

1. e4 c5 2. c3 Nf6 3. e5 Nd5 4. d4 cxd4 5. Nf3 Nc6 6. Bc4 Nb6 7. Bb3 d6 8. exd6
Qxd6 9. Na3 dxc3 10. Qe2 Bf5 11. Nb5 Qd7 12. Ne5 Nxe5 13. Qxe5 f6 14. Nd6+ Qxd6
15. Qxf5 g6 16. Qh3 Qe5+ 17. Be3 cxb2 18. Rb1 Qa5+ 19. Kf1 Qb5+ 20. Kg1 Qf5 21.
Qxf5 gxf5 22. Be6 Rd8 23. g3 Rd6 24. Bxf5 e6 25. Bc2 Nc4 26. Ba4+ Kf7 27. Bxa7
Ra6 28. Bb5 Na3 29. Bxa6 Nxb1 30. Bd3 Na3 31. Kg2 Bb4 32. g4 h6 33. Be3 Rd8 34.
Be4 Bd2 35. Bc5 Nb5 36. Kf3 Nc3 37. Bc2 Bc1 38. Be3 Nxa2 39. h4 Bxe3 40. Kxe3
Nc3 41. g5 f5 42. gxh6 Kg6 43. Rg1+ Kxh6 44. h5 Kxh5 45. f3 f4+ 0-1

[Event "Maikop University"]
[Site "Maikop"]
[Date "1998.06.07"]
[Round "7"]
[White "Kupreichik Viktor D"]
[Black "Kharlov Andrei"]
[Result "0-1"]
[WhiteElo "2505"]
[BlackElo "2560"]
[PlyCount "83"]
[EventDate "1998.06.01"]

1. e4 c5 2. Nf3 Nc6 3. Bb5 d6 4. d4 cxd4 5. Qxd4 Bd7 6. Bxc6 Bxc6 7. Nc3 e6 8.
Bg5 Nf6 9. O-O-O Be7 10. Rhe1 O-O 11. Kb1 Qc7 12. Qd2 Rfd8 13. Nd4 a6 14. f4 h6
15. Bxf6 Bxf6 16. g4 Qb6 17. Qe3 Bh4 18. Re2 Rac8 19. g5 hxg5 20. Qh3 Bd7 21.
fxg5 Bxg5 22. e5 dxe5 23. Ne4 f6 24. Nxg5 fxg5 25. Rxe5 Ba4 26. b3 Rc6 27. Rxg5
Rxd4 28. Rf1 Qd8 29. Rxg7+ Kxg7 30. Qg3+ Kh6 31. Qe3+ Kh7 32. Qf3 Rc7 33. Qh5+
Kg8 34. Qg6+ Rg7 35. Qxe6+ Kh7 36. Qf5+ Kh6 37. Qe6+ Rg6 38. Qe3+ Kh7 39. Qh3+
Kg8 40. Qf5 Rd1+ 41. Kb2 Qd4+ 42. c3 0-1

[Event "Maikop University"]
[Site "Maikop"]
[Date "1998.06.07"]
[Round "7"]
[White "Yandemirov Valeri"]
[Black "Belozerov Andrei"]
[Result "1/2-1/2"]
[WhiteElo "2545"]
[BlackElo "2460"]
[PlyCount "88"]
[EventDate "1998.06.01"]

1. d4 Nf6 2. g3 e6 3. Bg2 c5 4. Nf3 cxd4 5. Nxd4 d5 6. O-O Nc6 7. c4 Bc5 8.
Nxc6 bxc6 9. Qc2 Be7 10. Rd1 O-O 11. e4 Qa5 12. exd5 cxd5 13. Nc3 Bb7 14. cxd5
Nxd5 15. Nxd5 Bxd5 16. Bxd5 exd5 17. Bd2 Qb5 18. Bc3 Rfd8 19. Qf5 Bf8 20. Rd4
Rd6 21. Rad1 Rad8 22. Qd3 Qb7 23. Ba5 Re8 24. Bb4 Rd7 25. Bxf8 Rxf8 26. Rxd5
Rxd5 27. Qxd5 Qxb2 28. Re1 Qf6 29. a4 g6 30. Qb7 a6 31. Re4 Rd8 32. Rf4 Qe6 33.
h4 h6 34. Kh2 Rd2 35. Qf3 Qd5 36. Qxd5 Rxd5 37. Kg2 Kf8 38. Kf3 Ke7 39. Ke3 Rd1
40. Rc4 Ra1 41. Re4+ Kf6 42. Rf4+ Ke6 43. Kd3 Ra2 44. Ke3 Ra3+ 1/2-1/2

[Event "Maikop University"]
[Site "Maikop"]
[Date "1998.06.07"]
[Round "7"]
[White "Nikitin Andrey"]
[Black "Hasangatin Ramil"]
[Result "0-1"]
[WhiteElo "2410"]
[BlackElo "2460"]
[PlyCount "128"]
[EventDate "1998.06.01"]

1. d4 d5 2. c4 c6 3. Nc3 Nf6 4. e3 g6 5. Nf3 Bg7 6. Be2 O-O 7. O-O dxc4 8. Bxc4
Nfd7 9. e4 Nb6 10. Be2 Bg4 11. Be3 Bxf3 12. Bxf3 Nc4 13. Qb3 Nxe3 14. fxe3 Qb6
15. Qxb6 axb6 16. e5 Na6 17. Bd1 f6 18. Bb3+ Kh8 19. exf6 exf6 20. e4 b5 21.
Rfe1 Rfe8 22. a3 Rad8 23. Rad1 b4 24. axb4 Nxb4 25. Kf2 f5 26. e5 Re7 27. Kf3
c5 28. dxc5 Rd3+ 29. Rxd3 Nxd3 30. Rd1 Nxe5+ 31. Kg3 Nc6 32. Bd5 Be5+ 33. Kf3
g5 34. h3 Kg7 35. g4 Bxc3 36. Bxc6 bxc6 37. bxc3 Kf6 38. Rd6+ Re6 39. Rd7 h6
40. gxf5 Kxf5 41. Rf7+ Ke5 42. Rd7 Rf6+ 43. Kg3 Kf5 44. Rd8 Ke5 45. Rd7 Kf5 46.
Rd8 h5 47. Rh8 h4+ 48. Kf3 Kg6+ 49. Ke3 Re6+ 50. Kd4 Kf5 51. Rf8+ Rf6 52. Re8
Kf4 53. Re3 Rf8 54. Re6 Kg3 55. Rg6 Rf5 56. Rxc6 Kxh3 57. Rg6 g4 58. c6 Rf8 59.
Kd5 g3 60. c7 Kg2 61. Kd6 h3 62. Ke7 Rc8 63. Kd7 Rxc7+ 64. Kxc7 h2 0-1

[Event "Maikop University"]
[Site "Maikop"]
[Date "1998.06.07"]
[Round "7"]
[White "Filippov Valerij"]
[Black "Khalifman Alexander"]
[Result "1/2-1/2"]
[WhiteElo "2595"]
[BlackElo "2660"]
[PlyCount "51"]
[EventDate "1998.06.01"]

1. d4 d5 2. Nf3 Nf6 3. c4 c6 4. Nc3 e6 5. Bg5 dxc4 6. e4 b5 7. e5 h6 8. Bh4 g5
9. Nxg5 hxg5 10. Bxg5 Nbd7 11. exf6 Bb7 12. g3 c5 13. d5 Qb6 14. Bg2 O-O-O 15.
O-O b4 16. Rb1 Qa6 17. dxe6 Bxg2 18. e7 Bxf1 19. Qd5 Bh6 20. Bxh6 Bh3 21. Qa8+
Nb8 22. exd8=Q+ Rxd8 23. Re1 bxc3 24. Bf4 Qb6 25. bxc3 Bf5 26. Bxb8 1/2-1/2

[Event "Maikop University"]
[Site "Maikop"]
[Date "1998.06.07"]
[Round "7"]
[White "Epishin Vladimir"]
[Black "Pigusov Evgeny"]
[Result "1/2-1/2"]
[WhiteElo "2590"]
[BlackElo "2575"]
[PlyCount "95"]
[EventDate "1998.06.01"]

1. d4 Nf6 2. c4 e6 3. Nf3 d5 4. Nc3 Be7 5. Bg5 h6 6. Bh4 O-O 7. e3 b6 8. Be2
Bb7 9. Bxf6 Bxf6 10. cxd5 exd5 11. b4 c6 12. O-O a5 13. bxa5 Rxa5 14. Re1 Bc8
15. Rc1 Be6 16. h3 Nd7 17. a4 Be7 18. Rb1 Bd6 19. e4 dxe4 20. Nxe4 Bc7 21. Qc2
Qa8 22. Nc3 Nf6 23. Bd3 Rd8 24. Rbd1 Qc8 25. Bf1 Bd6 26. Qb2 Nd5 27. Rc1 Nxc3
28. Rxc3 Rxa4 29. Qxb6 Bd5 30. Rce3 Qb8 31. Qxb8 Rxb8 32. Bd3 Bxf3 33. Rxf3
Rxd4 34. g3 c5 35. Re4 Rxe4 36. Bxe4 Re8 37. Bd5 Re7 38. Kg2 Kf8 39. Rd3 g6 40.
Kf3 Kg7 41. Rb3 Re5 42. Bc4 Re7 43. Bd5 h5 44. Rb7 Bc7 45. Rb5 Re5 46. Bc4 g5
47. Rb3 Re1 48. Rd3 1/2-1/2

[Event "Maikop University"]
[Site "Maikop"]
[Date "1998.06.07"]
[Round "7"]
[White "Prokopchuk Evgeny"]
[Black "Ivanov Sergey"]
[Result "0-1"]
[WhiteElo "2500"]
[BlackElo "2570"]
[PlyCount "85"]
[EventDate "1998.06.01"]

1. e4 e6 2. d4 d5 3. Nc3 Bb4 4. exd5 exd5 5. Bd3 Nc6 6. a3 Bxc3+ 7. bxc3 Nge7
8. Qh5 Be6 9. Rb1 b6 10. Ne2 Qd7 11. Ng3 h6 12. O-O Bg4 13. Qh4 O-O-O 14. h3
Be6 15. Qh5 g6 16. Qf3 Rde8 17. Re1 h5 18. h4 Nf5 19. Nxf5 Bxf5 20. Bg5 Kb7 21.
Re3 Rxe3 22. fxe3 Bg4 23. Qf6 Re8 24. c4 dxc4 25. Bxc4 Be6 26. d5 Bxd5 27. Rd1
Qg4 28. Rxd5 Qxc4 29. Qxf7 Ne5 30. Qxe8 Qxd5 31. Qd8 Qxd8 32. Bxd8 Nc4 33. Kf2
Nxa3 34. Kf3 Nxc2 35. Kf4 a5 36. e4 Nd4 37. Bf6 c5 38. Kg5 a4 39. Bxd4 cxd4 40.
e5 d3 41. e6 d2 42. e7 d1=Q 43. e8=Q 0-1

[Event "Maikop University"]
[Site "Maikop"]
[Date "1998.06.07"]
[Round "7"]
[White "Solozhenkin Evgeniy"]
[Black "Khasin Alexander"]
[Result "0-1"]
[WhiteElo "2500"]
[BlackElo "2495"]
[PlyCount "56"]
[EventDate "1998.06.01"]

1. d4 Nf6 2. c4 e6 3. Nf3 Bb4+ 4. Nbd2 O-O 5. a3 Be7 6. e4 d5 7. Qc2 dxe4 8.
Nxe4 Nc6 9. Be3 Ng4 10. Bd2 f5 11. Ng3 Nxd4 12. Nxd4 Qxd4 13. Bc3 Qb6 14. h3
Ne3 15. fxe3 Qxe3+ 16. Ne2 Bh4+ 17. g3 Bxg3+ 18. Kd1 Rd8+ 19. Bd2 Qf3 20. Qc3
Rd3 21. Bg2 Rxc3 22. Bxf3 Rxf3 23. Nxg3 Rxg3 24. Kc2 Bd7 25. Bf4 Ba4+ 26. Kd2
Rd8+ 27. Ke2 Rg2+ 28. Ke3 e5 0-1

[Event "Maikop University"]
[Site "Maikop"]
[Date "1998.06.07"]
[Round "7"]
[White "Drozdov Igor"]
[Black "Loginov Valery A"]
[Result "0-1"]
[WhiteElo "2440"]
[BlackElo "2500"]
[PlyCount "76"]
[EventDate "1998.06.01"]

1. e4 c5 2. Nf3 d6 3. d4 cxd4 4. Nxd4 Nf6 5. Nc3 a6 6. a4 Nc6 7. Be2 e5 8. Nf3
h6 9. O-O Be7 10. b3 O-O 11. Bb2 Be6 12. Re1 Rc8 13. Bf1 Qd7 14. a5 Bg4 15. Be2
Bd8 16. Nd5 Nxe4 17. Nxe5 Nxe5 18. Bxg4 Qxg4 19. Bxe5 Qxd1 20. Raxd1 Nxf2 21.
Kxf2 Rxc2+ 22. Kf3 dxe5 23. Rxe5 f6 24. Re3 Bxa5 25. Ne7+ Kh7 26. Rd7 Rc7 27.
Rxc7 Bxc7 28. Nd5 Be5 29. h4 h5 30. g4 hxg4+ 31. Kxg4 Rd8 32. Rd3 a5 33. Kf5 b5
34. Ke4 Re8 35. Kf3 Rd8 36. Ke4 Re8 37. Kf3 Re6 38. Rd2 a4 0-1

[Event "Maikop University"]
[Site "Maikop"]
[Date "1998.06.07"]
[Round "7"]
[White "Malaniuk Vladimir P"]
[Black "Zakharevich Igor"]
[Result "1/2-1/2"]
[WhiteElo "2600"]
[BlackElo "2530"]
[PlyCount "120"]
[EventDate "1998.06.01"]

1. d4 Nf6 2. Nf3 g6 3. c4 Bg7 4. Nc3 O-O 5. Bf4 c5 6. d5 d6 7. e3 a6 8. a4 Qa5
9. Nd2 e5 10. Bg5 Nbd7 11. e4 h6 12. Be3 Nh7 13. g4 Ndf6 14. f3 Kh8 15. Bd3 Ng8
16. Qc2 Ne7 17. O-O-O f5 18. h3 Bd7 19. Nb3 Qd8 20. a5 fxe4 21. fxe4 Ng8 22.
Rdf1 Bf6 23. Qd2 Qe7 24. Be2 Bh4 25. Kc2 Rxf1 26. Bxf1 Rf8 27. Bg2 Bg5 28. Bxg5
Qxg5 29. Qxg5 Nxg5 30. Nd2 Kg7 31. Kd3 Nf6 32. Rb1 Bc8 33. Na4 Kf7 34. b4 cxb4
35. Rxb4 Nd7 36. Nb3 Ke7 37. Ke3 Nf7 38. Nb6 Kd8 39. Nxd7 Kxd7 40. c5 Kc7 41.
Rb6 Bd7 42. Bf1 h5 43. Nd2 hxg4 44. hxg4 Bxg4 45. Nc4 Rd8 46. cxd6+ Kb8 47. Rb2
g5 48. Rf2 Nxd6 49. Nxd6 Rxd6 50. Rf8+ Kc7 51. Rg8 Rf6 52. Bg2 Kd6 53. Rxg5 Bd7
54. Bf3 Rh6 55. Bh5 Rf6 56. Bg4 Bxg4 57. Rxg4 Rh6 58. Rg7 Rh3+ 59. Kd2 Rb3 60.
Kc2 Re3 1/2-1/2

[Event "Maikop University"]
[Site "Maikop"]
[Date "1998.06.07"]
[Round "7"]
[White "Dokutchaev A"]
[Black "Fedorov Alexei"]
[Result "1/2-1/2"]
[WhiteElo "2425"]
[BlackElo "2595"]
[PlyCount "53"]
[EventDate "1998.06.01"]

1. d4 Nf6 2. c4 g6 3. Nc3 Bg7 4. Nf3 d6 5. e4 O-O 6. Be2 e5 7. dxe5 dxe5 8.
Qxd8 Rxd8 9. Bg5 Rf8 10. Nxe5 Nxe4 11. Nxe4 Bxe5 12. O-O-O Nc6 13. Nf6+ Kg7 14.
Nd5 Nd4 15. Rhe1 f6 16. Bf1 fxg5 17. Rxe5 Rxf2 18. Re7+ Kh6 19. Rxd4 Rxf1+ 20.
Rd1 Rxd1+ 21. Kxd1 a6 22. Nf6 g4 23. Rxh7+ Kg5 24. Ne4+ Kf4 25. Nd6 Bf5 26. Ke2
b5 27. g3+ 1/2-1/2

[Event "Maikop University"]
[Site "Maikop"]
[Date "1998.06.07"]
[Round "7"]
[White "Galkin Alexander"]
[Black "Shabanov Yuri"]
[Result "0-1"]
[WhiteElo "2565"]
[BlackElo "2495"]
[PlyCount "72"]
[EventDate "1998.06.01"]

1. e4 d6 2. d4 Nf6 3. Nc3 g6 4. f3 Bg7 5. Be3 c6 6. Qd2 b5 7. Nge2 Nbd7 8. Nf4
Bb7 9. Nd3 a5 10. Qf2 Nb6 11. b3 a4 12. Be2 axb3 13. cxb3 O-O 14. O-O Nbd7 15.
Rac1 Qb8 16. Rfd1 Rc8 17. Rc2 Ne8 18. Bf1 Nc7 19. g3 Na6 20. Bh3 Rc7 21. Rdc1
Bc8 22. Bg2 Bb7 23. f4 Nf6 24. Qe2 h5 25. h3 b4 26. Na4 c5 27. dxc5 Bxe4 28.
Nb6 Raa7 29. cxd6 exd6 30. Bxe4 Nxe4 31. Nd5 Nc3 32. Qg2 Nxd5 33. Qxd5 Rxc2 34.
Rxc2 Re7 35. Bd4 Qb7 36. Qc4 Rc7 0-1

[Event "Maikop University"]
[Site "Maikop"]
[Date "1998.06.07"]
[Round "7"]
[White "Zarubin Pavel"]
[Black "Korneev Oleg"]
[Result "1/2-1/2"]
[WhiteElo "2445"]
[BlackElo "2560"]
[PlyCount "71"]
[EventDate "1998.06.01"]

1. d4 d5 2. Nf3 Nf6 3. c4 e6 4. Nc3 Be7 5. Bg5 h6 6. Bh4 O-O 7. e3 Ne4 8. Bxe7
Qxe7 9. Rc1 c6 10. Bd3 Nxc3 11. Rxc3 dxc4 12. Bxc4 Nd7 13. O-O b6 14. Qe2 Bb7
15. Ba6 Bxa6 16. Qxa6 c5 17. Rfc1 e5 18. dxc5 Nxc5 19. Qb5 Rfe8 20. b4 a6 21.
Qc4 Na4 22. R3c2 b5 23. Qe4 Nb6 24. Rc7 Qe6 25. R1c5 Qxa2 26. h3 Rad8 27. Rxe5
Rxe5 28. Nxe5 Qe6 29. f4 Nc4 30. Rc6 Qe7 31. Rxa6 Qxb4 32. Nxf7 Qe1+ 33. Kh2
Nd2 34. Nxh6+ Kh8 35. Nf7+ Kg8 36. Nh6+ 1/2-1/2

[Event "Maikop University"]
[Site "Maikop"]
[Date "1998.06.08"]
[Round "8"]
[White "Fedorov Alexei"]
[Black "Filippov Valerij"]
[Result "1/2-1/2"]
[WhiteElo "2595"]
[BlackElo "2595"]
[PlyCount "105"]
[EventDate "1998.06.01"]

1. e4 c5 2. d3 Nc6 3. g3 g6 4. Bg2 Bg7 5. f4 d6 6. Nh3 e6 7. O-O Nge7 8. Nc3
O-O 9. Bd2 Rb8 10. Rb1 b5 11. a3 a5 12. a4 b4 13. Nb5 Nd4 14. c4 f5 15. Be3
fxe4 16. dxe4 d5 17. Bxd4 cxd4 18. cxd5 exd5 19. e5 Nf5 20. Rf2 Kh8 21. Qd2 Qb6
22. Ng5 Bd7 23. Bxd5 Bxb5 24. axb5 Qxb5 25. Bb3 d3 26. Rc1 Nd4 27. Bc4 Qb6 28.
Qxd3 Bxe5 29. Nf7+ Rxf7 30. Bxf7 Bf6 31. g4 Rf8 32. Bd5 Bh4 33. Qe3 Bxf2+ 34.
Kxf2 Qf6 35. h3 h5 36. f5 Qg7 37. Kg2 gxf5 38. Rc4 Nb5 39. Rc6 f4 40. Qb6 Qxb2+
41. Kh1 Qb1+ 42. Kh2 hxg4 43. hxg4 Qd3 44. Rh6+ Kg7 45. Rh5 Qd2+ 46. Kh1 Qc1+
47. Kh2 f3 48. Qxb5 Qf4+ 49. Kh3 f2 50. Qb7+ Rf7 51. Rg5+ Kh6 52. Rh5+ Kg7 53.
Rg5+ 1/2-1/2